| 000 | 00603nam a22002057a 4500 | ||
|---|---|---|---|
| 005 | 20130501105916.0 | ||
| 008 | 130408b xxu||||| |||| 00| 0 eng d | ||
| 010 | _aENG-106853 | ||
| 020 | _c175.00 | ||
| 035 | _aEN-90386 | ||
| 037 | _bDBAD/PUB | ||
| 040 |
_aDPL _bEng |
||
| 082 | _a510 | ||
| 100 | _aRajesh Singh | ||
| 245 |
_aKumar's super guide NDA/NA mathematics / _cby Rajesh Singh |
||
| 260 |
_aNew Delhi _bVee Kumar Publications _c(201?) |
||
| 270 |
_a507, Vikram Tower, Rajendra Place _bNew Delhi _e110008 |
||
| 300 |
_aiv,256p. _c27cm(pbk) |
||
| 942 |
_2ddc _cEN _mRAJ _h510 |
||
| 999 |
_c74327 _d74327 |
||